Edward De Bono Methods - applications in Malaysia context : 30 cases & 50 exercises from the 1st independents De Bono Consultant /

Bibliographic Details
Main Author: Ow, Alex
Format: Book
Published: Subang Jaya: Infor Resource System, 2009.
Subjects:
LEADER 00894cam a2200253 7i4500
001 0000062974
005 20151104090000.0
005 ##20151104185300.0
003 ##MY-KlINT
020 # # |a 9789834109912  
039 # 9 |y 201511041853  |z VLOAD 
090 0 0 |a 153.42 OWA  
100 1 # |a Ow, Alex. 
245 1 0 |a Edward De Bono Methods - applications in Malaysia context :   |b 30 cases & 50 exercises from the 1st independents De Bono Consultant /   |c Dr. Alex Ow.. 
260 # # |a Subang Jaya:   |b Infor Resource System,   |c 2009. 
300 # # |a xiii, 116p;   |c 21cm. 
650 # 0 |a Creative thinking  
650 # 0 |a Thought and thinking  
996 |a ikwas2010.out 
997 |a 3000014230  |b IKWS  |c MNF  |d BOK 
997 |a 3000014231  |b IKWS  |c MNF  |d BOK 
998 |a 0000009988 
999 |a 3000014230  |b BOOK  |c Main Non-Fiction  |e INTAN Kampus Wilayah Selatan 
999 |a 3000014231  |b BOOK  |c Main Non-Fiction  |e INTAN Kampus Wilayah Selatan